Statistiken für Hunderassen

Klicken Sie hier um das Quiz zu spielen!

Allgemein

  • Dieses Quiz wurde 120 mal gespielt
  • Das Durchschnittsergebnis liegt bei 8 aus 10

Antwortstatistiken

Antwort% Korrekt
Deutscher Schäferhund
96%
Siberian Husky
96%
Dackel
91%
Border Collie
88%
Labrador
88%
Beagle
86%
Chihuahua
80%
Malteser
73%
Welsh Corgi
69%
Weimaraner
42%

Verteilung der Resultate

Perzentil nach korrekt beantworteten Fragen

Anzahl Personen mit jedem Resultat

Ihre Resultats-Entwicklung

Sie haben dieses Quiz noch nicht gespielt